Witamy w Bibliotece Naukowej Instytutu Łączności!

Lampovye generatory sverchvysokoj castoty / (Rekord nr 6829)

000 -LEADER
fixed length control field 00296 a2200085 4500
100 1# - MAIN ENTRY--PERSONAL NAME
Personal name Ionov, Ju. A..
Relator term Autor
245 0# - TITLE STATEMENT
Title Lampovye generatory sverchvysokoj castoty /
Statement of responsibility, etc Ionov Ju. A..
260 ## - PUBLICATION, DISTRIBUTION, ETC. (IMPRINT)
Place of publication, distribution, etc Leningrad :
Name of publisher, distributor, etc Izdat. Leningr. Univers.,
Date of publication, distribution, etc 1973.
300 ## - PHYSICAL DESCRIPTION
Extent 114 s.;
Dimensions 25 cm.
710 2# - ADDED ENTRY--CORPORATE NAME
Corporate name or jurisdiction name as entry element Izdat. Leningr. Univers..
Relator term Wydawca
Relator code pbl
Egzemplarze
Withdrawn status Lost status Source of classification or shelving scheme Damaged status Not for loan Permanent Location Current Location Shelving location Date acquired Cost, normal purchase price Inventory number Full call number Barcode Date last seen Price effective from Koha item type
          Instytut Łączności Instytut Łączności Magazyn 1973-04-30 0.00 28697 28697 28697 2022-08-08 2017-11-30 Książki

Działa dzięki Koha